Introducción a la creatividad artística /

Kaydedildi:
Detaylı Bibliyografya
Yazar: Acha, Juan (autor)
Materyal Türü: Kitap
Dil:İspanyolca
Baskı/Yayın Bilgisi: México : Trillas, 2002, c1992
Konular:
Etiketler: Etiketle
Etiket eklenmemiş, İlk siz ekleyin!

MARC

LEADER 00000nam^a2200000^a^4500
001 000154766
005 20250521000000.0
009 20260310100404.993
020 |a 968-24-4433-0 
037 |a Acervo ITESO - Biblioteca 
041 |a ESP 
082 |a 701.  |b ACH 
100 |a Acha, Juan  |e (autor) 
245 1 0 |a Introducción a la creatividad artística /  |c J. Acha. 
264 4 |a México :  |b Trillas,  |c 2002, c1992 
300 |a 253 p. 
336 |a texto  |b txt  |2 rdacontenido 
337 |a sin mediación  |b n  |2 rdamedio 
338 |a volumen  |b nc  |2 rdasoporte 
649 |a XX 
650 |a Creación (Literaria, Artística, etc.) -  |x Teoría 
650 |a Creatividad -  |x Teoría 
650 |a Arte -  |x Estudio y Enseñanza 
650 |a Arte -  |x Prácticas Profesionales 
650 |a Arte -  |x Teoría 
910 |a Fondo General 
920 |a Impresos - Libros 
930 |a Colección General 
905 |a 101 
901 |a 0500086242  |b IT1  |c ACC  |u 20250521 
902 |a https://opac.biblio.iteso.mx/vufind/Record/000154766